000 00638nam a2200229Ia 4500
003 OSt
005 20220928124316.0
006 a|||||r|||| 00| 0
007 ta
008 220927b |||||||| |||| 00| 0 eng d
024 _a31576
037 _cTextual
040 _aSDCL
_cSDCL
_beng
041 _2eng
_aeng
082 _aV2'N6, K7
100 _aSinha M R Ed.
_9464295
245 0 _aStruggles of modern India
_b An essay in continuity,change and stabilty
260 _aBombay
_bAsian Sudies Press
_c1967
300 _axv,92p
_ccm.
942 _hV2'N6, K7
_cTEXL
_2CC
999 _c777194
_d777194